[Event "C.to Unione Europea U12"]
[Site "Mureck AUT"]
[Date "2011.08.08"]
[Round "6"]
[White "Stallinger, Vanessa"]
[Black "Fox, Jonas"]
[Result "0-1"]
[WhiteElo "1389"]
[BlackElo "1550"]
[PlyCount "146"]
[EventDate "2011.08.03"]

1. d4 Nf6 2. c4 g6 3. Nc3 Bg7 4. e4 d6 5. f3 O-O 6. Bg5 Nbd7 7. Qd2 c5 8. Nge2
Qb6 9. d5 Ne5 10. Nc1 Kh8 11. f4 Ned7 12. Bd3 Ng8 13. O-O a6 14. N1e2 Rb8 15.
Rab1 Qc7 16. a4 Qa5 17. Ra1 Qb4 18. Rfb1 Nb6 19. b3 Bg4 20. Ra2 f5 21. exf5
Bxf5 22. Bxf5 Rxf5 23. Ne4 Nxd5 24. N4g3 Nc3 25. Nxc3 Bxc3 26. Qe3 Rxg5 27. Ne2
Rf5 28. Nxc3 e5 29. fxe5 Rxe5 30. Qg3 Qb6 31. Rd1 Rbe8 32. Nd5 Qd8 33. Rad2 Nh6
34. Qc3 Kg8 35. Rf2 Rf8 36. Rxf8+ Kxf8 37. Rf1+ Rf5 38. Qd3 Qg5 39. Qe2 Rxf1+
40. Qxf1+ Kg7 41. h3 Nf5 42. Qd3 Nd4 43. Kf2 Qf5+ 44. Qxf5 gxf5 45. b4 cxb4 46.
Nxb4 Ne6 47. Ke3 Nc5 48. Kd4 Nxa4 49. Kd5 Nb6+ 50. Kd4 a5 51. Nc2 Kg6 52. Na3
Kg5 53. Nb5 Nc8 54. Kd5 Kf4 55. Ke6 Ke4 56. Kd7 Nb6+ 57. Kxd6 Nxc4+ 58. Kc7 b6
59. Kc6 Kf4 60. Nd4 Ne3 61. Kxb6 a4 62. Nb5 Nxg2 63. Ka5 Kg3 64. Kxa4 Kxh3 65.
Nd4 f4 66. Kb3 Kg4 67. Kc3 h5 68. Kd2 f3 69. Nc2 h4 70. Ne1 Nxe1 71. Kxe1 h3
72. Kf1 h2 73. Kf2 h1=Q 0-1

[Event "C.to Unione Europea U12"]
[Site "Mureck AUT"]
[Date "2011.08.09"]
[Round "7"]
[White "Fox, Jonas"]
[Black "Schweighoffer, Martin"]
[Result "0-1"]
[WhiteElo "1550"]
[BlackElo "1754"]
[PlyCount "100"]
[EventDate "2011.08.03"]

1. e4 e5 2. Nf3 Nc6 3. d4 exd4 4. Bc4 Nf6 5. e5 Ne4 6. O-O d5 7. Bb5 Bc5 8.
Nxd4 Bd7 9. Bxc6 bxc6 10. Be3 Bb6 11. f3 Ng5 12. f4 Ne4 13. c3 O-O 14. Nd2 c5
15. N4f3 Bf5 16. Nxe4 Bxe4 17. Ng5 Bf5 18. g4 Bc8 19. h3 d4 20. Qc2 d3 21. Qd2
c4 22. Rae1 h6 23. Nf3 h5 24. f5 Bb7 25. f6 gxf6 26. gxh5 fxe5 27. Bxb6 axb6
28. Rxe5 f6 29. Rf5 Bc8 30. Rf4 Bxh3 31. Rd4 Qe8 32. Re1 Qxh5 33. Kf2 Rfe8 34.
Rxc4 Rxe1 35. Nxe1 b5 36. Rd4 Bf5 37. Ng2 Re8 38. Rxd3 Bxd3 39. Qxd3 c5 40. Nf4
Qh4+ 41. Qg3+ Qxg3+ 42. Kxg3 Re1 43. Nd5 Kf7 44. Nc7 b4 45. cxb4 cxb4 46. Nd5
Re2 47. Nxb4 Rxb2 48. a3 Rb3+ 49. Kf4 Rxa3 50. Kf5 Ra5+ 0-1

[Event "C.to Unione Europea U12"]
[Site "Mureck AUT"]
[Date "2011.08.11"]
[Round "9"]
[White "Fox, Jonas"]
[Black "Ferreira Da Costa, Hugo Miguel"]
[Result "1-0"]
[WhiteElo "1550"]
[BlackElo "1658"]
[PlyCount "101"]
[EventDate "2011.08.03"]

1. c4 Nf6 2. Nc3 g6 3. g3 Bg7 4. Bg2 O-O 5. e3 d6 6. Nge2 Bf5 7. Bxb7 Nbd7 8.
d4 Rb8 9. Bg2 e5 10. O-O exd4 11. Nxd4 Ne5 12. Nxf5 gxf5 13. b3 Nfd7 14. Qc2
Nc5 15. Ba3 c6 16. Rad1 Qa5 17. Bxc5 dxc5 18. Na4 Rfd8 19. Bh3 Nf3+ 20. Kg2
Rxd1 21. Qxd1 Nd2 22. Rg1 Rd8 23. Qe2 Ne4 24. Rd1 Rxd1 25. Qxd1 Nc3 26. Nxc3
Bxc3 27. Qc2 Bg7 28. Bxf5 h6 29. Be4 Qc7 30. Qd2 Kh8 31. Bf5 Kg8 32. f4 Qe7 33.
Kf3 Qf6 34. Qe2 h5 35. e4 Qd4 36. e5 h4 37. Qd3 hxg3 38. hxg3 Qxd3+ 39. Bxd3
Kf8 40. Be4 Ke7 41. Bxc6 f6 42. exf6+ Kxf6 43. Ke4 Ke6 44. g4 a5 45. g5 Bd4 46.
f5+ Kf7 47. f6 Kg6 48. Kf4 Bc3 49. Be4+ Kf7 50. Kf5 Kg8 51. Bd5+ 1-0

[Event "C.to Europeo U08 femminile"]
[Site "Albena BUL"]
[Date "2011.09.11"]
[Round "1"]
[White "Bonan, Margherita"]
[Black "Marinho Oliveira, Alice Maria"]
[WhiteElo "1461"]
[BlackElo "1240"]
[Result "0-1"]
[PlyCount "146"]
[EventDate "2011.09.11"]

1. e4 e5 2. Nf3 Nc6 3. Bc4 Bc5 4. O-O Nf6 5. Nc3 d6 6. Nd5 Nxe4 7. d3 Nf6 8.
Nxf6+ Qxf6 9. Bg5 Qg6 10. Qd2 h6 11. Bh4 Bh3 12. Bg3 Bg4 13. Nh4 Qf6 14. h3 Bh5
15. Rae1 O-O-O 16. Re4 d5 17. Bxd5 Rxd5 18. c4 Rdd8 19. Rfe1 Bb4 20. Qe3 Bxe1
21. Qxe1 g5 22. Bxe5 Nxe5 23. Rxe5 gxh4 24. Rxh5 Rhe8 25. Qa5 Qb6 26. Qf5+ Qe6
27. Qa5 Qe1+ 28. Qxe1 Rxe1+ 29. Kh2 Rxd3 30. Rxh6 b6 31. Rh7 Rdd1 32. Rxh4 Rh1+
33. Kg3 Rd3+ 34. f3 Rd2 35. Rf4 Rxb2 36. Rxf7 Rxa2 37. f4 Ra3+ 38. Kg4 a5 39.
f5 a4 40. f6 Rf1 41. h4 Rg3+ 42. Kxg3 a3 43. Rg7 Rxf6 44. Re7 Rf1 45. Re2 Rb1
46. h5 Rb3+ 47. Kg4 Rb2 48. Re3 a2 49. Ra3 Rxg2+ 50. Kh4 c6 51. h6 b5 52. cxb5
cxb5 53. h7 Rh2+ 54. Rh3 Rxh3+ 55. Kxh3 a1=Q 56. Kg4 Qg7+ 57. Kf4 Qxh7 58. Ke5
Qd7 59. Kf6 Qe8 60. Kf5 Qe7 61. Kf4 Qe6 62. Kf3 Qe5 63. Kg4 Qf6 64. Kg3 Qf5 65.
Kh4 Qg6 66. Kh3 Qg5 67. Kh2 Qg4 68. Kh1 Kd7 69. Kh2 Ke6 70. Kh1 Ke5 71. Kh2 Kf4
72. Kh1 Kf3 73. Kh2 Qg2# 0-1

[Event "C.to Europeo U10 femminile"]
[Site "Albena BUL"]
[Date "2011.09.13"]
[Round "3"]
[White "Giovagnetti, Chiara"]
[Black "Frej, Zofia"]
[Result "1/2-1/2"]
[WhiteElo "1566"]
[BlackElo "1465"]
[PlyCount "82"]
[EventDate "2011.09.11"]

1. e4 c5 2. c3 Nf6 3. e5 Nd5 4. d4 cxd4 5. Nf3 e6 6. cxd4 d6 7. Bc4 Nc6 8. O-O
Be7 9. Bxd5 exd5 10. Nc3 Be6 11. Bf4 a6 12. exd6 Bxd6 13. Bxd6 Qxd6 14. Re1 O-O
15. Ne5 Bf5 16. Nf3 Rfe8 17. Rxe8+ Rxe8 18. Qd2 h6 19. Re1 Rxe1+ 20. Qxe1 Qe6
21. Qd2 b5 22. h3 Na5 23. b3 Nc6 24. Nh4 Bh7 25. Nf3 g5 26. a3 f5 27. Ne5 Nxe5
28. dxe5 Qxe5 29. Qxd5+ Qxd5 30. Nxd5 a5 31. Nc3 b4 32. axb4 axb4 33. Nd5 Kg7
34. Nxb4 Bg8 35. Nc6 Bxb3 36. Nd4 Bd1 37. Nxf5+ Kf6 38. Ne3 Bb3 39. Kh2 Ba4 40.
Kg3 Bc6 41. Ng4+ Kg7 1/2-1/2

[Event "C.to Europeo U10 femminile"]
[Site "Albena BUL"]
[Date "2011.09.15"]
[Round "5"]
[White "Giovagnetti, Chiara"]
[Black "Vozinaki, Anthi-Maria"]
[Result "0-1"]
[WhiteElo "1566"]
[BlackElo "1430"]
[PlyCount "132"]
[EventDate "2011.09.11"]

1. e4 e6 2. d4 d5 3. Nd2 Nf6 4. e5 Nfd7 5. Bd3 c5 6. c3 Nc6 7. Ne2 Qb6 8. Nf3
Be7 9. O-O O-O 10. b3 a5 11. Bd2 Qa7 12. Qc1 Rb8 13. Bg5 b5 14. Bxe7 Nxe7 15.
a3 Ba6 16. Re1 c4 17. Bc2 Rfc8 18. b4 Qc7 19. Qg5 Nf8 20. Ng3 Nfg6 21. h4 h6
22. Qg4 Ra8 23. h5 Nf8 24. Re3 Bb7 25. bxa5 Rxa5 26. Nd2 Nc6 27. Ne2 Qe7 28.
Rg3 Qg5 29. Qxg5 hxg5 30. Rxg5 Rca8 31. h6 g6 32. Nf4 Kh7 33. Rh5 Rxa3 34. Rb1
Rxc3 35. Rxb5 Rxc2 36. Rxb7 gxh5 37. Rxf7+ Kxh6 38. Rf6+ Kg7 39. Nxh5+ Kh7 40.
Nf3 Kg8 41. Ng5 Nh7 42. Rg6+ Kf8 43. Nxh7+ Ke7 44. Rg7+ Kd8 45. Rg8+ Kc7 46.
Rxa8 Rc1+ 47. Kh2 c3 48. Kg3 c2 49. Nf4 Re1 50. Nd3 Rd1 51. Ra3 Rxd3+ 52. Rxd3
c1=Q 53. Nf6 Nxd4 54. Kh2 Qf4+ 55. Kh1 Qxe5 56. Rc3+ Kd8 57. Rc1 Qxf6 58. Ra1
Qh4+ 59. Kg1 Ne2+ 60. Kf1 Qh1+ 61. Kxe2 Qxa1 62. Ke3 Qc3+ 63. Ke2 d4 64. f4 d3+
65. Kf1 d2 66. Ke2 Qc2 0-1

[Event "C.to Europeo U10 femminile"]
[Site "Albena BUL"]
[Date "2011.09.15"]
[Round "5"]
[White "Lazzaro, Elisa"]
[Black "Kurucz, Blanka"]
[Result "0-1"]
[WhiteElo "1521"]
[BlackElo "1407"]
[PlyCount "46"]
[EventDate "2011.09.11"]

1. e4 e5 2. Nf3 Nc6 3. Nc3 Nf6 4. Bc4 Bb4 5. O-O d6 6. d3 Bg4 7. a3 Ba5 8. b4
Bb6 9. Bb5 O-O 10. Bxc6 bxc6 11. Bg5 Bd4 12. Qd2 Bxf3 13. gxf3 h6 14. Bh4 Nxe4
15. Nxe4 Qxh4 16. c3 Bb6 17. Kh1 f5 18. Qa2+ Kh8 19. Nd2 Bxf2 20. Nc4 Bg3 21.
Kg1 f4 22. d4 d5 23. Nd2 Qxh2# 0-1

[Event "C.to Europeo U10 femminile"]
[Site "Albena BUL"]
[Date "2011.09.18"]
[Round "7"]
[White "Zhuravel, Alina"]
[Black "Giovagnetti, Chiara"]
[Result "1/2-1/2"]
[WhiteElo "1476"]
[BlackElo "1566"]
[PlyCount "128"]
[EventDate "2011.09.11"]

1. e4 c5 2. f4 d6 3. Nf3 Nc6 4. Bb5 Bd7 5. d3 a6 6. Bxc6 Bxc6 7. O-O e6 8. Kh1
h6 9. Nc3 Nf6 10. Be3 Be7 11. Qe2 b5 12. a3 Rc8 13. a4 b4 14. Nd1 a5 15. b3 Nd7
16. Nb2 Nb6 17. Nd2 d5 18. Rad1 Bf6 19. Rb1 Bxb2 20. Rxb2 d4 21. Bf2 Qe7 22.
Bg3 Rf8 23. Rbb1 g5 24. Qh5 Qf6 25. fxg5 Qxg5 26. Qxg5 hxg5 27. Bd6 Rg8 28.
Bxc5 Nd7 29. Bxd4 Ke7 30. Nc4 Ra8 31. Nb6 Rab8 32. Nxd7 Bxd7 33. Rbc1 Rg6 34.
Rf2 Rc8 35. Rcf1 f5 36. exf5 exf5 37. Re2+ Kf8 38. Rc1 Rd6 39. Be3 Re6 40. Ree1
Rce8 41. Bc5+ Kf7 42. Rxe6 Rxe6 43. Bf2 Re2 44. Kg1 Re6 45. Re1 Rc6 46. Rc1 Re6
47. Kf1 Kg6 48. c3 Rc6 49. Be1 bxc3 50. Rxc3 Rxc3 51. Bxc3 Be6 52. b4 axb4 53.
Bxb4 Bd7 54. a5 Bb5 55. Ke2 f4 56. Kd2 Kf5 57. d4 Bc6 58. g3 f3 59. Ke3 g4 60.
a6 Bd5 61. a7 Ba8 62. Bc5 Bd5 63. Kd3 Be4+ 64. Kd2 Bd5 1/2-1/2

[Event "LXXI C.to Italiano spareggi"]
[Site "Perugia ITA"]
[Date "2011.12.11"]
[Round "13"]
[White "Ortega, Lexy"]
[Black "Brunello, Sabino"]
[WhiteElo "2478"]
[BlackElo "2575"]
[Result "0-1"]
[PlyCount "59"]
[EventDate "2011.11.30"]

1. d4 d5 2. c4 c6 3. Nf3 Nf6 4. Nc3 dxc4 5. a4 a5 6. e4 Bg4 7. Bxc4 e6 8. Be3
Bb4 9. h3 Bh5 10. Qc2 Nbd7 11. Ne5 Bg6 12. Nxd7 Qxd7 13. f3 Nd5 14. Bf2 Nc7 15.
O-O O-O 16. Rad1 Kh8 17. Qb3 f5 18. d5 exd5 19. exd5 cxd5 20. Nxd5 Nxd5 21.
Rxd5 Qc7 22. Rb5 Be8 23. Bb6 Qe7 24. Rxb4 Qxb4 25. Qxb4 axb4 26. b3 Bf7 27.
Bxf7 Rxf7 28. Rd1 Rc8 29. Rd4 g6 30. Kh2 0-1

[Event "XXXVI Coppa A"]
[Site "Cagliari ITA"]
[Date "2011.09.17"]
[Round "1"]
[White "Di Pinto, Vincenzo"]
[Black "Ibba, Isacco"]
[Result "0-1"]
[WhiteElo "1635"]
[BlackElo "2174"]
[PlyCount "46"]
[EventDate "2011.09.17"]

1. d4 d5 2. Nf3 Nf6 3. Bf4 c6 4. c3 Nh5 5. Bg3 Qb6 6. Qb3 Qxb3 7. axb3 Nxg3 8.
hxg3 Bf5 9. Nbd2 h6 10. e3 e6 11. Be2 Bd6 12. c4 Nd7 13. c5 Bc7 14. b4 b5 15.
Nb3 Nb8 16. Kd2 g6 17. Nh4 Be4 18. Bd3 g5 19. Bxe4 dxe4 20. f3 gxh4 21. Rxh4
Bxg3 22. Rxe4 f5 23. Rxe6+ Kf7 0-1

[Event "XXXVI Coppa A"]
[Site "Cagliari ITA"]
[Date "2011.09.17"]
[Round "1"]
[White "Neri, Enzo"]
[Black "Mullanu, Davide"]
[Result "1-0"]
[WhiteElo "2079"]
[BlackElo "1631"]
[PlyCount "99"]
[EventDate "2011.09.17"]

1. Nf3 Nf6 2. c4 c5 3. d4 e6 4. Nc3 cxd4 5. Nxd4 a6 6. e4 Nc6 7. Nxc6 bxc6 8.
e5 Ng8 9. Bd3 Bb4 10. Bd2 Qc7 11. Qe2 Ne7 12. O-O Bb7 13. Ne4 Bxd2 14. Nd6+ Kf8
15. Qxd2 Nc8 16. c5 Nxd6 17. exd6 Qc8 18. b4 Qd8 19. Rab1 f6 20. f4 Bc8 21. Rb3
Bb7 22. Ra3 Ra7 23. Ra5 Qa8 24. Rf3 Kf7 25. Qe2 g6 26. Bc4 f5 27. Rfa3 Rb8 28.
Bxa6 Bxa6 29. Rxa6 Rxa6 30. Rxa6 Qb7 31. Rb6 Qa7 32. Rxb8 Qxb8 33. Qb2 Qd8 34.
a4 g5 35. fxg5 Qxg5 36. a5 Qe3+ 37. Qf2 Qc1+ 38. Qf1 Qe3+ 39. Kh1 Qc3 40. Qb1
Qc4 41. Qa1 Qxb4 42. a6 Qb8 43. a7 Qa8 44. Qa6 Kf6 45. Qb6 Qg8 46. Qb8 Qg4 47.
Qb2+ e5 48. Qa1 f4 49. a8=Q h5 50. Qh8+ 1-0

[Event "XXXVI Coppa A"]
[Site "Cagliari ITA"]
[Date "2011.09.18"]
[Round "2"]
[White "Altea, Alessandro"]
[Black "Delorme, Axel"]
[Result "0-1"]
[WhiteElo "1803"]
[BlackElo "2441"]
[PlyCount "92"]
[EventDate "2011.09.17"]

1. e4 e5 2. Nc3 Nf6 3. Bc4 Bc5 4. d3 Nc6 5. Be3 Bb6 6. Bxb6 axb6 7. f4 d6 8. f5
Na5 9. Bb3 Nxb3 10. axb3 Rxa1 11. Qxa1 Ng4 12. Nf3 Ne3 13. Kd2 Ng4 14. h3 Nf6
15. g4 d5 16. Nxe5 dxe4 17. Qa4+ c6 18. Nxe4 O-O 19. Nc3 Re8 20. Re1 b5 21. Qf4
h6 22. Nf3 Rf8 23. g5 Nh5 24. Qh4 g6 25. gxh6 Bxf5 26. Qxd8 Rxd8 27. h4 f6 28.
Re7 Rd7 29. Rxd7 Bxd7 30. Ke3 Kh7 31. Ne4 Kxh6 32. c4 bxc4 33. bxc4 Kg7 34. Nc5
Bc8 35. d4 Ng3 36. d5 Nf5+ 37. Kd3 cxd5 38. cxd5 Nd6 39. Kd4 Bg4 40. Nh2 Bf5
41. b4 Kh6 42. Nf3 Kh5 43. Ne6 Kg4 44. Ke3 Be4 45. Ned4 Bxf3 46. Kf2 Nc4 0-1

[Event "XXXVI Coppa A"]
[Site "Cagliari ITA"]
[Date "2011.09.18"]
[Round "2"]
[White "Ibba, Isacco"]
[Black "Palmas, Alessandro"]
[Result "1-0"]
[WhiteElo "2174"]
[BlackElo "1808"]
[PlyCount "101"]
[EventDate "2011.09.17"]

1. d4 Nf6 2. Bg5 d5 3. Nf3 Bf5 4. c4 e6 5. Nc3 c6 6. Qb3 Qc7 7. Bf4 dxc4 8.
Bxc7 cxb3 9. axb3 Na6 10. Be5 Nb4 11. Rc1 Nc2+ 12. Kd2 Nb4 13. Nh4 Ng4 14. Bg3
Rd8 15. e3 Be7 16. f3 Nh6 17. Bf2 e5 18. Ne2 Be6 19. g4 exd4 20. exd4 Bxb3 21.
Rg1 f6 22. Ng3 g6 23. Re1 Kf8 24. Rxe7 Kxe7 25. Kc3 Bd5 26. Kxb4 Nf7 27. Bd3
Rhg8 28. Ra1 a6 29. Ne4 Nd6 30. Re1 Kf7 31. Kc5 Nc8 32. Kb4 Rge8 33. Kc3 Re7
34. Bg3 b5 35. Ra1 Ra7 36. Bb8 Rb7 37. Bg3 Ra7 38. b4 Kg7 39. Bb8 Rb7 40. Bg3
Ra7 41. Nc5 Nb6 42. Be4 Kf7 43. Ng2 f5 44. gxf5 gxf5 45. Bxf5 Bxf3 46. Be6+ Kg6
47. Nh4+ Kh6 48. Bf4+ Kg7 49. Rg1+ Kf8 50. Rg8+ Ke7 51. Bg5+ 1-0

[Event "XXXVI Coppa A"]
[Site "Cagliari ITA"]
[Date "2011.09.18"]
[Round "2"]
[White "Siddi, Stefano"]
[Black "Neri, Enzo"]
[Result "0-1"]
[WhiteElo "1712"]
[BlackElo "2079"]
[PlyCount "96"]
[EventDate "2011.09.17"]

1. c4 c6 2. Nc3 d5 3. cxd5 cxd5 4. d4 Nf6 5. Nf3 Nc6 6. Bg5 e6 7. e4 dxe4 8.
Nxe4 Bb4+ 9. Nc3 h6 10. Bxf6 Qxf6 11. Be2 O-O 12. O-O Rd8 13. a3 Nxd4 14. Nxd4
Rxd4 15. Qc2 Bxc3 16. Qxc3 e5 17. Rad1 Bd7 18. Rxd4 exd4 19. Qb4 Bc6 20. Bb5
Rd8 21. Rd1 a5 22. Qb3 Bd5 23. Bc4 Qg5 24. Bxd5 Qxd5 25. Qxd5 Rxd5 26. Rd2 Kf8
27. f3 Ke7 28. Kf2 Kd6 29. Ke2 Re5+ 30. Kd3 Kd5 31. Rc2 Re3+ 32. Kd2 Rb3 33.
Kc1 b5 34. Rc7 d3 35. Rc3 Rxc3+ 36. bxc3 Kc4 37. Kd2 Kb3 38. Kxd3 Kxa3 39. Kc2
b4 40. cxb4 axb4 41. Kb1 Kb3 42. f4 Kc3 43. g3 h5 44. Kc1 Kd3 45. Kb2 Ke3 46.
Kb3 Kf3 47. Kxb4 Kg2 48. Kc5 Kxh2 0-1

[Event "XXXVI Coppa A"]
[Site "Cagliari ITA"]
[Date "2011.09.18"]
[Round "3"]
[White "Delorme, Axel"]
[Black "Clementini, Lorenzo"]
[Result "1-0"]
[WhiteElo "2441"]
[BlackElo "2064"]
[PlyCount "63"]
[EventDate "2011.09.17"]

1. d4 Nf6 2. g3 g6 3. Bg2 Bg7 4. e4 d6 5. Nc3 O-O 6. Nge2 c6 7. O-O e5 8. a4 a5
9. h3 Qe7 10. Be3 Na6 11. g4 Nd7 12. Ng3 Qh4 13. Nce2 Nf6 14. Qd2 h6 15. f3 Nh7
16. Bf2 Qe7 17. f4 Nc7 18. c3 b6 19. dxe5 dxe5 20. Bxb6 Ba6 21. f5 Rfd8 22. Qc1
Rab8 23. Be3 g5 24. Kf2 Rd3 25. Rd1 Rxd1 26. Qxd1 Rxb2 27. Rb1 Rxb1 28. Qxb1
Nf6 29. Qb6 Qd7 30. Qxa5 Bc8 31. Nc1 Bf8 32. Qxe5 1-0

[Event "XXXVI Coppa A"]
[Site "Cagliari ITA"]
[Date "2011.09.18"]
[Round "3"]
[White "Neri, Enzo"]
[Black "Mallo', Danilo"]
[Result "0-1"]
[WhiteElo "2079"]
[BlackElo "1913"]
[PlyCount "112"]
[EventDate "2011.09.17"]

1. d4 d5 2. c4 c6 3. Nc3 Nf6 4. Nf3 e6 5. Bg5 Nbd7 6. e3 Be7 7. a3 h6 8. Bf4
O-O 9. c5 Ne4 10. Nxe4 dxe4 11. Nd2 e5 12. Bxe5 Nxe5 13. dxe5 Qd5 14. Qc2 Bf5
15. Nc4 Qxc5 16. b4 Qd5 17. Rd1 Qe6 18. Be2 Rad8 19. O-O Rd5 20. Na5 Rd7 21.
Bc4 Qxe5 22. Rxd7 Bxd7 23. Nxb7 Rb8 24. Na5 c5 25. Qa2 Qf6 26. bxc5 Rb2 27.
Bxf7+ Kf8 28. Qd5 Bb5 29. Nc4 Rc2 30. Ne5 g5 31. Qa8+ Bd8 32. Ng4 Qe7 33. Rd1
Bd3 34. Bg6 Kg7 35. Ne5 Qxe5 36. Bxe4 Bc7 37. f4 Qxe4 38. Qxe4 Bxe4 39. Rd7+
Kf6 40. Rxc7 Rxg2+ 41. Kf1 gxf4 42. exf4 Rxh2 43. Rxa7 Rc2 44. Ra6+ Kg7 45. Re6
Bd3+ 46. Ke1 Rxc5 47. Kf2 Rc2+ 48. Kg3 Rc3 49. Re7+ Kf6 50. Ra7 h5 51. Ra5 Bc2+
52. Kg2 h4 53. Ra7 Rg3+ 54. Kh2 Be4 55. a4 Rg2+ 56. Kh1 h3 0-1

[Event "XXXVI Coppa A"]
[Site "Cagliari ITA"]
[Date "2011.09.24"]
[Round "4"]
[White "Clementini, Lorenzo"]
[Black "Sollai, Matteo"]
[Result "1-0"]
[WhiteElo "2064"]
[BlackElo "1767"]
[PlyCount "73"]
[EventDate "2011.09.17"]

1. Nf3 Nc6 2. c4 e5 3. Nc3 Nf6 4. d3 Bb4 5. Bd2 d6 6. g3 Bg4 7. Bg2 Qd7 8. h3
Bh5 9. Qa4 h6 10. a3 Bxc3 11. Bxc3 Qe7 12. Nxe5 O-O 13. Nf3 d5 14. g4 Rfe8 15.
e3 Bg6 16. Bxf6 Qxf6 17. cxd5 b5 18. Qxb5 Ne5 19. Nxe5 Qxe5 20. O-O Rab8 21. d4
Qg5 22. Qe2 f5 23. b4 f4 24. e4 h5 25. e5 Rf8 26. Rac1 f3 27. Bxf3 Rf4 28. Rxc7
Rbf8 29. Rc3 Qh4 30. gxh5 Qxh3 31. Bg2 Qxc3 32. hxg6 Qxd4 33. e6 Rg4 34. e7
Rxg2+ 35. Kxg2 Qxd5+ 36. f3 Qg5+ 37. Kh1 1-0

[Event "XXXVI Coppa A"]
[Site "Cagliari ITA"]
[Date "2011.09.24"]
[Round "5"]
[White "Delorme, Axel"]
[Black "Mallo', Danilo"]
[Result "1-0"]
[WhiteElo "2441"]
[BlackElo "1913"]
[PlyCount "135"]
[EventDate "2011.09.17"]

1. d4 d5 2. c4 c6 3. Nf3 Nf6 4. g3 e6 5. Qc2 Nbd7 6. Bg2 Bb4+ 7. Nbd2 O-O 8.
O-O Re8 9. e4 dxe4 10. Nxe4 Nxe4 11. Qxe4 Nf6 12. Qc2 Bd6 13. Re1 Qa5 14. Bg5
Nd7 15. c5 Be7 16. Bxe7 Rxe7 17. Nd2 Nf6 18. Nc4 Qc7 19. Rab1 Bd7 20. b4 Rc8
21. a4 a6 22. Rb3 Be8 23. Qb2 Bd7 24. Ra1 Ra8 25. Nd6 Ne8 26. Nc4 Nf6 27. Bf1
Nd5 28. Rb1 h6 29. Bg2 Nf6 30. Nb6 Rd8 31. Nc4 Ra8 32. Ne5 Rd8 33. Bf1 Nd5 34.
Bd3 Be8 35. Nc4 Nf6 36. Nd6 Bd7 37. b5 cxb5 38. axb5 axb5 39. Bxb5 b6 40. Bf1
bxc5 41. dxc5 Bc6 42. Rb8 Rxb8 43. Qxb8+ Qxb8 44. Rxb8+ Kh7 45. Rc8 Bd7 46. Rc7
Nd5 47. Ra7 Kg6 48. Bg2 Bc6 49. Bxd5 Rxa7 50. Bxc6 Rc7 51. Be8 Rxc5 52. Bxf7+
Kh7 53. h4 g6 54. Ne4 Re5 55. Nd2 Kg7 56. Be8 Rd5 57. Nf1 e5 58. Kg2 Kf6 59.
Bc6 Rd4 60. Ne3 h5 61. Bf3 e4 62. Be2 Rd2 63. Bb5 Rb2 64. Bc6 Rb8 65. Bxe4 g5
66. hxg5+ Kxg5 67. Nd5 Rb4 68. Nxb4 1-0

[Event "Open A"]
[Site "Mortara ITA"]
[Date "2011.09.??"]
[Round "1"]
[White "Cordani, Enrico"]
[Black "Giretti Kanev, Jasen"]
[Result "0-1"]
[WhiteElo "1822"]
[BlackElo "2205"]
[PlyCount "93"]
[EventDate "2011.09.16"]

1. e4 c6 2. d4 d5 3. e5 c5 4. c3 Nc6 5. Be3 a6 6. a3 Qb6 7. b4 c4 8. f4 Nh6 9.
Nd2 g5 10. fxg5 Ng4 11. Bf4 Bg7 12. h3 Bxe5 13. Bxe5 Ngxe5 14. dxe5 Qe3+ 15.
Be2 Nxe5 16. Kf1 Bf5 17. Nxc4 Nxc4 18. Qd4 Nd2+ 19. Ke1 Qxd4 20. cxd4 Nb3 21.
Rd1 Rc8 22. Bd3 Nxd4 23. Bxf5 Nxf5 24. Rxd5 Ne3 25. Rc5 Rxc5 26. bxc5 Nc2+ 27.
Ke2 Nxa3 28. Nf3 O-O 29. c6 bxc6 30. Ra1 Nb5 31. Rxa6 Rc8 32. Rb6 Nc3+ 33. Kd3
Nd5 34. Rb7 Kg7 35. Ke4 Rc7 36. Rb2 e6 37. Ne5 c5 38. Rc2 Ne7 39. h4 Nf5 40. h5
Ng3+ 41. Kf4 Nxh5+ 42. Kg4 f6 43. gxf6+ Nxf6+ 44. Kf4 Nd5+ 45. Ke4 Ne7 46. Nd3
c4 47. Ne5 0-1

[Event "Open A"]
[Site "Mortara ITA"]
[Date "2011.09.??"]
[Round "1"]
[White "Di Paolo, Raffaele"]
[Black "Barbero, Marco"]
[Result "1-0"]
[WhiteElo "2281"]
[BlackElo "1954"]
[PlyCount "61"]
[EventDate "2011.09.16"]

1. e4 e5 2. Nf3 Nc6 3. Bb5 Nf6 4. d3 Bc5 5. O-O d6 6. c3 Bd7 7. Be3 Bxe3 8.
fxe3 a6 9. Ba4 O-O 10. Nbd2 Re8 11. Qe1 Ne7 12. Bb3 Be6 13. Bc2 Ng6 14. Ng5 Ng4
15. Nxe6 fxe6 16. Nf3 c6 17. h3 Nf6 18. d4 exd4 19. exd4 Nf8 20. e5 dxe5 21.
Nxe5 Qc7 22. Qh4 Rad8 23. b4 a5 24. a3 axb4 25. axb4 Ra8 26. Rae1 Ra2 27. Bb1
Ra3 28. Re3 Qe7 29. Rg3 Kh8 30. Rxf6 gxf6 31. Bxh7 1-0

[Event "Open A"]
[Site "Mortara ITA"]
[Date "2011.09.??"]
[Round "1"]
[White "Fadali, Mustafa"]
[Black "Genocchio, Daniele"]
[Result "0-1"]
[WhiteElo "2027"]
[BlackElo "2432"]
[PlyCount "64"]
[EventDate "2011.09.16"]

1. e4 e5 2. Nf3 Nc6 3. Bc4 Bc5 4. d4 exd4 5. Ng5 Nh6 6. Nxf7 Nxf7 7. Bxf7+ Kxf7
8. Qh5+ g6 9. Qxc5 d6 10. Qb5 Re8 11. O-O Rxe4 12. Bg5 Qe8 13. Qb3+ Qe6 14.
Qf3+ Qf5 15. Nd2 Qxf3 16. Nxf3 Bg4 17. Nd2 Re2 18. c3 d3 19. h3 Bd7 20. Rae1
Rae8 21. Be3 Ne5 22. Rxe2 dxe2 23. Re1 Nd3 24. Rxe2 Nf4 25. Bxf4 Rxe2 26. Be3
Re1+ 27. Kh2 a5 28. a4 b6 29. Kg3 Rc1 30. c4 Rc2 31. Kh2 d5 32. Bf4 dxc4 0-1

[Event "Open A"]
[Site "Mortara ITA"]
[Date "2011.09.??"]
[Round "1"]
[White "Guzzetti, Luigi Enrico"]
[Black "Vuelban, Virgilio"]
[Result "0-1"]
[WhiteElo "1955"]
[BlackElo "2353"]
[PlyCount "54"]
[EventDate "2011.09.16"]

1. e4 c5 2. Nf3 Nc6 3. d4 cxd4 4. Nxd4 Qb6 5. Nb3 Nf6 6. Nc3 e6 7. Be3 Qc7 8.
a3 Be7 9. Be2 a6 10. O-O b5 11. f3 Bb7 12. Qd2 O-O 13. Nd4 Rfd8 14. f4 Nxd4 15.
Qxd4 d5 16. Qb6 Qc8 17. exd5 Nxd5 18. Nxd5 Rxd5 19. Bf2 Rd2 20. Bd3 Rxf2 21.
Rxf2 Bc5 22. Qa5 Qc6 23. Bf1 Bxf2+ 24. Kxf2 Qc5+ 25. Kg3 Qe3+ 26. Kg4 f5+ 27.
Kg5 h6+ 0-1

[Event "Open A"]
[Site "Mortara ITA"]
[Date "2011.09.??"]
[Round "1"]
[White "Martinez, Rolly"]
[Black "Radice, Luca"]
[Result "1-0"]
[WhiteElo "2411"]
[BlackElo "1972"]
[PlyCount "43"]
[EventDate "2011.09.16"]

1. e4 e6 2. d4 d5 3. Nd2 dxe4 4. Nxe4 Bd7 5. Nf3 Bc6 6. Bd3 Nd7 7. Qe2 Be7 8.
Bd2 Bxe4 9. Qxe4 c6 10. O-O-O Ngf6 11. Qh4 Qc7 12. Rhe1 O-O-O 13. Ne5 Rdf8 14.
f4 Bd6 15. Kb1 Kb8 16. c4 c5 17. Bc3 h6 18. Nxd7+ Qxd7 19. dxc5 Bxc5 20. Qg3
Nh5 21. Qg4 Nf6 22. Qxg7 1-0

[Event "Open A"]
[Site "Mortara ITA"]
[Date "2011.09.??"]
[Round "1"]
[White "Robbio, Pietro"]
[Black "Pace, Pietro Dario"]
[Result "0-1"]
[WhiteElo "1883"]
[BlackElo "2276"]
[PlyCount "54"]
[EventDate "2011.09.16"]

1. e4 c5 2. Nf3 Nc6 3. d4 cxd4 4. Nxd4 Qb6 5. Nxc6 bxc6 6. Bd3 e5 7. Nc3 Nf6 8.
O-O Be7 9. Na4 Qc7 10. f4 O-O 11. fxe5 Qxe5 12. c3 Nxe4 13. Qe2 d5 14. Bf4 Qe6
15. Rae1 f5 16. c4 Bb4 17. Nc3 Kh8 18. a3 Bc5+ 19. Kh1 Bd7 20. cxd5 cxd5 21.
Nxd5 Qxd5 22. Rd1 Ba4 23. Bc2 Qc6 24. Rc1 Rae8 25. Qc4 Bb5 26. Bxe4 Rxe4 27.
Qxc5 Qxc5 0-1

[Event "Open A"]
[Site "Mortara ITA"]
[Date "2011.09.??"]
[Round "1"]
[White "Sbarra, Marco"]
[Black "Motola, Jacopo"]
[Result "1-0"]
[WhiteElo "2227"]
[BlackElo "1848"]
[PlyCount "57"]
[EventDate "2011.09.16"]

1. d4 Nc6 2. e4 e5 3. Nf3 exd4 4. Bc4 Bc5 5. O-O Nge7 6. Ng5 Ne5 7. Nxf7 Nxf7
8. Bxf7+ Kxf7 9. Qh5+ g6 10. Qxc5 Nc6 11. Qd5+ Kg7 12. b4 Qf6 13. b5 Ne7 14.
Qc4 Qe5 15. Bb2 c5 16. bxc6 Nxc6 17. Nd2 Re8 18. Nf3 Qe6 19. Bxd4+ Nxd4 20.
Qxd4+ Kg8 21. Ng5 Qe5 22. Qe3 b6 23. Rad1 Kg7 24. Rfe1 h6 25. Nf3 Qc7 26. Qd4+
Kh7 27. Qd5 Bb7 28. Qf7+ Kh8 29. Rxd7 1-0

[Event "Open A"]
[Site "Mortara ITA"]
[Date "2011.09.??"]
[Round "3"]
[White "Di Paolo, Raffaele"]
[Black "Genocchio, Daniele"]
[Result "1/2-1/2"]
[WhiteElo "2281"]
[BlackElo "2432"]
[PlyCount "56"]
[EventDate "2011.09.16"]

1. e4 c5 2. Nf3 Nc6 3. Nc3 Nf6 4. Bb5 Qc7 5. O-O Nd4 6. Re1 a6 7. Bf1 Ng4 8. g3
Nxf3+ 9. Qxf3 Ne5 10. Qd1 e6 11. d3 Be7 12. Bg2 O-O 13. b3 Bf6 14. Bb2 Nc6 15.
Qc1 d6 16. Ne2 Bxb2 17. Qxb2 b5 18. d4 cxd4 19. Nxd4 e5 20. Nxc6 Qxc6 21. c4
bxc4 22. Rac1 Be6 23. Bf1 Qb6 24. Bxc4 Bxc4 25. Rxc4 f5 26. Qd2 fxe4 27. Rexe4
Kh8 28. Re2 h6 1/2-1/2